<?xml version="1.0" encoding="UTF-8"?>
<record
    xmlns:xsi="http://www.w3.org/2001/XMLSchema-instance"
    xsi:schemaLocation="http://www.loc.gov/MARC21/slim http://www.loc.gov/standards/marcxml/schema/MARC21slim.xsd"
    xmlns="http://www.loc.gov/MARC21/slim">

  <leader>00825nam a22001817a 4500</leader>
  <datafield tag="952" ind1=" " ind2=" ">
    <subfield code="0">0</subfield>
    <subfield code="1">0</subfield>
    <subfield code="4">0</subfield>
    <subfield code="7">0</subfield>
    <subfield code="a">18</subfield>
    <subfield code="b">18</subfield>
    <subfield code="d">2016-07-13</subfield>
    <subfield code="l">1</subfield>
    <subfield code="o">H62 M45 2013</subfield>
    <subfield code="p">18 003327</subfield>
    <subfield code="r">2019-07-10</subfield>
    <subfield code="s">2019-07-10</subfield>
    <subfield code="t">1  </subfield>
    <subfield code="w">2016-07-13</subfield>
    <subfield code="y">LB</subfield>
  </datafield>
  <datafield tag="999" ind1=" " ind2=" ">
    <subfield code="c">100358</subfield>
    <subfield code="d">100358</subfield>
  </datafield>
  <controlfield tag="008">160713s2013    mx ||||fr|||| 00| 0 spa d</controlfield>
  <datafield tag="020" ind1=" " ind2=" ">
    <subfield code="a">9789681871772</subfield>
  </datafield>
  <datafield tag="050" ind1="0" ind2="4">
    <subfield code="a">H62</subfield>
    <subfield code="b">M45 2013</subfield>
  </datafield>
  <datafield tag="100" ind1=" " ind2=" ">
    <subfield code="a">M&#xE9;ndez &#xC1;lvarez, Carlos Eduardo</subfield>
    <subfield code="e">autor</subfield>
  </datafield>
  <datafield tag="245" ind1="1" ind2="0">
    <subfield code="a">Metodolog&#xED;a</subfield>
    <subfield code="b"> : dise&#xF1;o y desarrollo de los procesos de investigaci&#xF3;n con &#xE9;nfasis en ciencias empresariales</subfield>
    <subfield code="c"> / Carlos Eduardo M&#xE9;ndez &#xC1;lvarez</subfield>
  </datafield>
  <datafield tag="260" ind1="3" ind2=" ">
    <subfield code="a">M&#xE9;xico</subfield>
    <subfield code="b"> : Limusa</subfield>
    <subfield code="c">, 2013</subfield>
  </datafield>
  <datafield tag="300" ind1=" " ind2=" ">
    <subfield code="a">357 p&#xE1;ginas</subfield>
    <subfield code="e"> + 1 CD-ROM</subfield>
  </datafield>
  <datafield tag="505" ind1=" " ind2=" ">
    <subfield code="a">Reflexionar sobre investigar
Fundamentos
Proceso de investigaci&#xF3;n: dise&#xF1;o
Proceso de investigaci&#xF3;n: desarrollo</subfield>
  </datafield>
  <datafield tag="519" ind1=" " ind2=" ">
    <subfield code="a">Educaci&#xF3;n Mixta / </subfield>
    <subfield code="b">Administraci&#xF3;n / </subfield>
    <subfield code="c">Seminario de Investigaci&#xF3;n (M09-3) / </subfield>
    <subfield code="d">(18 003327)</subfield>
  </datafield>
  <datafield tag="650" ind1="1" ind2="4">
    <subfield code="a">CIENCIAS SOCIALES</subfield>
    <subfield code="x">METODOLOG&#xCD;A</subfield>
  </datafield>
  <datafield tag="650" ind1="2" ind2="4">
    <subfield code="a">INVESTIGACI&#xD3;N</subfield>
    <subfield code="x">METODOLOG&#xCD;A</subfield>
  </datafield>
  <datafield tag="942" ind1=" " ind2=" ">
    <subfield code="c">LB</subfield>
  </datafield>
</record>
